Γιάννης Ρίτσος : ενα σχεδίασμα βιογραφίας

Αποθηκεύτηκε σε:
Λεπτομέρειες βιβλιογραφικής εγγραφής
Κύριος συγγραφέας: Κώττη, Αγγελική, 1957-
Μορφή: Βιβλίο
Γλώσσα:Greek
Δημοσίευση: Αθήνα : Ελληνικά Γράμματα, 1996
Σειρά:Λογοτεχνικά δοκίμια ; ; 1
Θέματα:
Ετικέτες: Προσθήκη ετικέτας
Δεν υπάρχουν, Καταχωρήστε ετικέτα πρώτοι!

MARC

LEADER 00000nam a2200000 i 4500
001 1/67233
008 990120s1996 gre d
020 |a 960-344-288-7 
035 |l 10047441 
040 |a GR-MY-UA  |b gre  |e aacr 
041 0 |a gre 
082 0 |a 889.1092 
100 1 |a Κώττη, Αγγελική,   |d 1957- 
245 1 0 |a Γιάννης Ρίτσος :  |b ενα σχεδίασμα βιογραφίας /  |c Αγγελική Κώττη 
260 |a Αθήνα :   |b Ελληνικά Γράμματα,   |c 1996 
300 |a 238 σ. 
490 1 |a Λογοτεχνικά δοκίμια  |v ; 1 
600 1 0 |a Ρίτσος, Γιάννης,   |d 1909-1990. 
650 0 0 |a Poets, Greek (Modern)  |y 20th century  |x Biography. 
830 0 |a Λογοτεχνικά δοκίμια ;  |v ; 1 
852 |a INST  |b RHODES  |e 19990120  |h 889.1092 ΚΩΤ  |p 005400005686  |q 005400005686  |t BK  |y 0 
852 |a INST  |b RHODES  |e 19990319  |h 889.1092 ΚΩΤ  |p 005400015424  |q 005400015424  |t BK  |y 0 
901 |a BIBL-1999-1 
909 |a Ρ  |b 052755  |c 1997 
922 |a 4ΕΛΗ  |b 199712  |c ΦΙΟΡΑΒΑΝΤΕΣ  |d EMVASIS 
970 |z 2000/07/ΚΑΤΕΡΙΝΑ